000 02985cam a22011534i 4500
003 PE-LiUPU
005 20250813185353.0
008 s1891 gr 000 0 eng d
035 _a(Sirsi) a204253
040 _aPE-LiUPU
_bspa
_cPE-LiUPU
_erda
049 _aPRUA
082 0 4 _a306.81
_bJ14
_221
100 1 _aJaeck, Dorothea,
_eautor.
245 1 2 _aI take thee... :
_bthe art of successfull marriage /
_cRobert L. Dadney.
264 1 _aMichigan :
_bZondervan,
_c1891.
300 _a684 páginas ;
_c20 centímetros.
336 _atext
_2rdacontent
337 _aunmediated
_2rdamedia
338 _avolume
_2rdacarrier
505 2 _aThis man and this woman -- Can two become one? -- "...'til death do us part" -- The what and why of marriage -- He loves me-The stretch and stress of it -- The ins and aouts of in-laws -- It's a small world! Nothing but the best! -- Making room for baby -- Preparation for parenthood -- He looks just like you! -- We have to be together -- In defense of parents -- Teen-Agers-TNT -- A time for living -- Change of face and change of pace -- How to be Happy Thugh forty! -- In conclusion.
526 _aP202
526 _aP201
526 _aP163
526 _aP162
526 _aP161
526 _aP160
526 _aP148
526 _aP147
526 _aP146
526 _aP145
526 _aP144
526 _aP143
526 _aP142
526 _aP141
526 _aP140
526 _aP139
526 _aP138
526 _aP137
526 _aP136
526 _aP135
526 _aP134
526 _aP133
526 _aP129
526 _aP128
526 _aP127
526 _aP120
526 _aP119
526 _aP118
526 _aP116
526 _aP115
526 _aP114
526 _aP110
526 _aP109
526 _aP108
526 _aP104
526 _aP103
526 _aP102
526 _aP99
526 _aP98
526 _aP97
526 _aP96
526 _aP95
526 _aP93
526 _aP90
526 _aP89
526 _aP88
526 _aP83
526 _aP82
526 _aP62
526 _aP59
526 _aP58
526 _aP57
526 _aP51
526 _aP49
526 _aP48
526 _aP47
526 _aP29
526 _aP24
526 _aP20
526 _aP19
526 _aP17
526 _aP15
526 _aP14
526 _aP12
526 _aP10
526 _aP09
526 _aP08
526 _aP07
526 _aP06
526 _aP05
526 _aP04
526 _aP01
650 0 4 _aMatrimonio.
_92383
942 _2ddc
_cBOOK
994 _aC0
_bPEPRU
596 _a1
999 _a306.81 J14
_wLC
_c20622
_i76059
_f2021-11-11
_g4
_lCCODEBUL1
_mBUL
_p16.00
_r0
_sY
_tBOOK
_u2017-6-5
_xTEOLOGIA
_PP85
_0COMPRA
_o.STAFF. Colección Teología
_d20622
980 _81
_gALBERTO SANCHEZ Responsable de Automatización